| 000 | 01509cam a2200313 a 4500 | ||
|---|---|---|---|
| 001 | 2427219 | ||
| 003 | NUST-PNEC | ||
| 005 | 20170116180708.0 | ||
| 008 | 870423m19001976ohua b 001 0 eng | ||
| 010 | _a 87134431 | ||
| 022 | _aB000REOUXM | ||
| 040 | _cPNEC | ||
| 050 | 0 | 0 |
_aTA459 _b.M43 1964 |
| 082 | _a669.102 LYM | ||
| 100 |
_9450 _aLyman, Taylor |
||
| 245 | 0 | 0 |
_aMetals handbook Vol.1 / _cprepared under the direction of the ASM Handbook Committee ; Taylor Lyman, editor. |
| 250 | _a8th ed. | ||
| 260 |
_aMetals Park, Ohio : _bAmerican Society for Metals, _cc1961 |
||
| 300 |
_axi,1300 p. : _bill. ; _c29 cm. |
||
| 500 | _aIncludes Index http://www.amazon.com/Metals-Handbook-8th-Properties-Selection/dp/B000REOUXM/ref=sr_1_1?s=books&ie=UTF8&qid=1412144077&sr=1-1&keywords=METALS+HANDBOOK+8TH+EDITION+BY+TAYLOR+LYMAN | ||
| 504 | _aIncludes bibliographies and indexes. | ||
| 505 | 0 | _a -- v. 2. Heat treating, cleaning, and finishing -- v. 3. Machining -- v. 4. Forming -- v. 5. Forging and casting -- v. 6. Welding and brazing -- v. 7. Atlas of microstructures of industrial alloys -- v. 8. Metallography, structures, and phase diagrams -- v. 9. Fractography and atlas of fractographs -- v. 10. Failure analysis and prevention -- v. 11. Nondestructive inspection and quality control. | |
| 650 | 0 |
_aMetals _xME |
|
| 700 | 1 | _aLyman, Taylor. | |
| 700 | 1 | _aBoyer, Howard E. | |
| 710 | 2 | _aASM Handbook Committee. | |
| 906 |
_a7 _bcbc _corignew _d2 _encip _f19 _gy-gencatlg |
||
| 942 |
_2ddc _cBK |
||
| 999 |
_c60840 _d60840 |
||